| 000 | 00859nam a22002777a 4500 | ||
|---|---|---|---|
| 003 | CHAP | ||
| 005 | 20220329135036.0 | ||
| 008 | 971013s1954 r 00010 d | ||
| 010 | _a29988 | ||
| 011 | _a30960 | ||
| 035 | _a35072 | ||
| 040 | _cCHAP | ||
| 082 |
_a332.32 _bN3 |
||
| 110 |
_aNacional Financiera. México _980005 |
||
| 245 | _aFondo de garantía y fomento a la industria mediana y pequeña | ||
| 260 |
_aMéxico, D. F. : _bNacional Financiera, _c(1954?) |
||
| 300 | _a64 p. | ||
| 590 |
_aBATCH-UPD _b10 _c20130110 _lUCH01 _h1730 |
||
| 590 |
_aBATCH-UPD _b10 _c20130410 _lUCH01 _h1111 |
||
| 590 |
_aBATCH-UPD _b10 _c20130914 _lUCH01 _h1103 |
||
| 590 |
_aCONVERSION _b10 _c20130109 _lUCH01 _h1317 |
||
| 650 | 1 | 4 |
_aCrédito industrial. _929127 |
| 901 | _aBK | ||
| 942 | _cLIBRO | ||
| 949 |
_a332.32 N3 _bBC _cLIBRO _d33724000346243 _eLIBRO _h2915 _i35072 _si |
||
| 999 |
_c29988 _d29988 |
||